| 000 | 00881cam a22002531i 4500 | ||
|---|---|---|---|
| 003 | SA-RiAUC | ||
| 005 | 20250929061618.0 | ||
| 008 | 250929s2008 su g 00000 ara c | ||
| 020 | _a9789960701929 | ||
| 040 |
_aQA-DoFIS _bara _cSA-RiAUC. _erda |
||
| 082 | 0 | 4 | _a255.8 |
| 090 |
_a255.8 _bم ل ح |
||
| 100 | 1 |
_aالملحم، سليمان بن أحمد _eمؤلف. |
|
| 245 | 1 | 2 |
_aالقمار : _bحقيقته وأحكامه / _cسليمان بن أحمد الملحم. |
| 250 | _aالطبعة الأولى. | ||
| 264 | 1 |
_aالرياض : _bكنوز إشبيليا، _c2008. |
|
| 300 |
_a635 صفحة، _c24 سم. |
||
| 336 |
_aنص _btxt _2rdacontent _3كتاب |
||
| 337 |
_aبدون وسيط _bn _2rdamedia |
||
| 338 |
_aمجلد _bnc _2rdacarrier |
||
| 650 | 7 |
_aالقمار (فقه إسلامي) _2aucsh |
|
| 942 |
_2ddc _cBOOK |
||
| 949 |
_aSA-JeALM _d250929 _ukhaled123 _n1 |
||
| 999 |
_c12167 _d12167 |
||